La bella addormentata : genesi e metamorfosi di una fiaba /
Gorde:
| Egile Nagusiak: | , |
|---|---|
| Beste egile batzuk: | |
| Formatua: | Liburua |
| Hizkuntza: | italiera |
| Argitaratua: |
Bari :
Dedalo,
1984
|
| Saila: | Prisma ;
5 |
| Gaiak: | |
| Etiketak: |
Etiketarik gabe, Izan zaitez lehena erregistro honi etiketa jartzen!
|
MARC
| LEADER | 00000nam a22000007i 4500 | ||
|---|---|---|---|
| 001 | IT\ICCU\CFI\0005506 | ||
| 003 | ItRI | ||
| 005 | 20260115231904.0 | ||
| 008 | 860103s1984 it |||||| ||||| |||||c | ||
| 015 | |2 IT |a 84-12273 | ||
| 020 | |a 882204505X | ||
| 040 | |b ita |c importazione bologna sebina | ||
| 041 | 7 | |a ita |2 ISO-639-2 | |
| 082 | |a 398.2 |9 LETTERATURA POPOLARE |2 18 | ||
| 082 | |a 398.20944 |9 LETTERATURA POPOLARE IN FRANCIA |2 19 | ||
| 100 | 1 | |a Franci, Giovanna |0 IT\ICCU\CFIV\018025 |4 aut | |
| 245 | 1 | 3 | |a La bella addormentata : |b genesi e metamorfosi di una fiaba / |c Giovanna Franci, Ester Zago ; illustrazioni a cura di Paola Pallottino. |
| 260 | |a Bari : |b Dedalo, |c 1984 | ||
| 300 | |a 130 p. : |b ill. ; |c 25 cm. | ||
| 650 | 7 | |a La *bella addormentata nel bosco |2 scbi | |
| 700 | 1 | |a Pallottino, Paola |0 IT\ICCU\CFIV\003156 |4 ill | |
| 700 | 1 | |a Zago, Ester |0 IT\ICCU\CFIV\018026 |4 aut | |
| 790 | 1 | |a Pompei, Paola |3 IT\ICCU\CFIV\355694 |z Pallottino, Paola | |
| 830 | 0 | |a Prisma ; |v 5 |0 IT\ICCU\CFI\0003218 | |
| 942 | |2 ddc |c BK |n 0 | ||
| 952 | |0 0 |1 0 |4 0 |6 DOC_398_200000000000000_FRA |7 0 |9 15422 |a BO |b BO |d 2026-01-15 |i 15849 |l 0 |o DOC 398.2 FRA |p BO15849 |r 2026-01-15 23:19:04 |w 2026-01-15 |x [Sebina 5] [1 v.] |y BK |z 1 v. | ||
| 999 | |c 13279 |d 13279 | ||